[Event "HUN-chT2 Barcza 1011"]
[Site "Hungary"]
[Date "2010.09.12"]
[Round "1.3"]
[White "Visloczki, Jozsef"]
[Black "Gal, Tamas"]
[Result "0-1"]
[WhiteElo "2049"]
[BlackElo "2110"]
[PlyCount "78"]
[EventDate "2010.09.12"]
[EventType "team-tourn"]
[EventRounds "11"]
[EventCountry "HUN"]
[SourceTitle "EXT 2012"]
[Source "ChessBase"]
[SourceDate "2011.11.24"]
[SourceVersion "1"]
[SourceVersionDate "2011.11.24"]
[SourceQuality "1"]
[WhiteTeam "Balkany"]
[BlackTeam "Piremon"]
[WhiteTeamCountry "HUN"]
[BlackTeamCountry "HUN"]

1. e4 c6 2. d4 d5 3. exd5 cxd5 4. c4 Nf6 5. Nc3 e6 6. Nf3 Bb4 7. Bd2 0-0 8. Bd3 Nc6 9. c5 b6 10. Bb5 Bd7 11. Bxc6 Bxc6 12. cxb6 Qxb6 13. 0-0 Rab8 14. Bf4 Rbc8 15. Ne5 Bxc3 16. bxc3 Bb5 17. Re1 Rxc3 18. Bd2 Rc7 19. Rb1 Qa6 20. Bb4 Rfc8 21. a3 Ne4 22. Qf3 Qa4 23. h4 a5 24. Bc5 Nd2 25. Qe3 Nxb1 26. Rxb1 f6 27. Nf3 Bd7 28. Rc1 Rb7 29. Rc3 Rb1+ 30. Kh2 Rcb8 31. Nd2 R1b2 32. h5 Qd1 33. Nf3 Rb1 34. g4 R8b3 35. Bd6 Kf7 36. Ne5+ fxe5 37. dxe5 Qh1+ 38. Kg3 Rg1+ 39. Kf4 Qh2+ 0-1

[Event "HUN-chT2 Barcza 0607"]
[Site "Hungary"]
[Date "2007.02.18"]
[Round "5"]
[White "Visloczki, Jozsef"]
[Black "Babenko, Alexander"]
[Result "1-0"]
[WhiteElo "2105"]
[BlackElo "1877"]
[PlyCount "105"]
[EventDate "2006.11.12"]
[EventType "team"]
[EventRounds "11"]
[EventCountry "HUN"]
[SourceTitle "EXT 2008"]
[Source "ChessBase"]
[SourceDate "2007.11.25"]
[SourceVersion "1"]
[SourceVersionDate "2007.11.25"]
[SourceQuality "1"]
[WhiteTeam "Lokomotiv"]
[BlackTeam "Munkacs"]
[WhiteTeamCountry "HUN"]
[BlackTeamCountry "HUN"]

1. e4 e6 2. d4 d5 3. Nc3 Bb4 4. a3 Bxc3+ 5. bxc3 dxe4 6. Qg4 Nf6 7. Qxg7 Rg8 8. Qh6 c5 9. Qd2 Qa5 10. Ne2 Nc6 11. Rb1 b6 12. dxc5 Qxc5 13. Nd4 Bb7 14. Nb5 Rd8 15. Qe3 Qe5 16. Qf4 Qxf4 17. Bxf4 e5 18. Be3 Nd5 19. Rd1 Ke7 20. c4 Nf4 21. g3 Ne6 22. Bh3 Ned4 23. c3 Nf3+ 24. Ke2 Na5 25. c5 Nc4 26. Nxa7 Nxe3 27. Kxe3 bxc5 28. Bf5 f6 29. Bxh7 Rxd1 30. Rxd1 Rg7 31. Bf5 Nxh2 32. Rd7+ Kf8 33. Rxg7 Kxg7 34. Nb5 Kf8 35. Nd6 Nf1+ 36. Ke2 Ba6+ 37. c4 Nh2 38. Bxe4 Ng4 39. Bd5 Nh6 40. Ne4 Ke7 41. Nxc5 Bc8 42. a4 Kd6 43. Ne4+ Ke7 44. a5 Nf5 45. Nc5 Kd6 46. a6 Nd4+ 47. Kd2 Nc6 48. Ne4+ Kc7 49. Bxc6 Kxc6 50. a7 Bb7 51. Nxf6 Kb6 52. Nd7+ Kxa7 53. Nxe5 1-0

[Event "HUN-chT2 Barcza 0506"]
[Site "Hungary"]
[Date "2006.02.26"]
[Round "8"]
[White "Szilagyi, Sandor"]
[Black "Visloczki, Jozsef"]
[Result "0-1"]
[WhiteElo "2051"]
[BlackElo "2102"]
[PlyCount "94"]
[EventDate "2005.10.16"]
[EventType "team"]
[EventRounds "11"]
[EventCountry "HUN"]
[SourceTitle "EXT 2009"]
[Source "ChessBase"]
[SourceDate "2008.11.26"]
[SourceVersion "1"]
[SourceVersionDate "2008.11.26"]
[SourceQuality "1"]
[WhiteTeam "Szabolcs Volan"]
[BlackTeam "Lokomotiv"]
[WhiteTeamCountry "HUN"]
[BlackTeamCountry "HUN"]

1. c4 e5 2. Nc3 Nc6 3. a3 f5 4. g3 Nf6 5. Bg2 d6 6. d3 Nd4 7. e3 Ne6 8. Nge2 c6 9. b4 Bd7 10. Bd2 Be7 11. f4 Ng4 12. h3 Nf6 13. fxe5 dxe5 14. Qc2 Qc7 15. e4 f4 16. gxf4 exf4 17. d4 Nh5 18. e5 Bh4+ 19. Kd1 Bf2 20. Qd3 g5 21. Ne4 0-0-0 22. Nxf2 Be8 23. Ng4 Bg6 24. Be4 Bxe4 25. Qxe4 Nxd4 26. Rh2 Nb3 27. Ra2 Ng3 28. Nxg3 fxg3 29. Rg2 h5 30. Nf6 h4 31. Qe3 Nd4 32. Qxg5 Qf7 33. Qg4+ Kb8 34. Rc2 b5 35. Rc3 bxc4 36. Qe4 Qe6 37. Ng4 Rh5 38. Kc1 Rf5 39. Be3 Qg6 40. Nf2 Ne2+ 41. Kb2 Nxc3 42. Kxc3 gxf2 43. Bxa7+ Kxa7 44. Rxg6 f1Q 45. Qe3+ Kb7 46. Rg7+ Rf7 47. Rxf7+ Qxf7 0-1

[Event "HUN-chT2 Barcza 0506"]
[Site "Hungary"]
[Date "2006.01.22"]
[Round "6"]
[White "Darai, Peter"]
[Black "Visloczki, Jozsef"]
[Result "0-1"]
[WhiteElo "1960"]
[BlackElo "2102"]
[PlyCount "84"]
[EventDate "2005.10.16"]
[EventType "team"]
[EventRounds "11"]
[EventCountry "HUN"]
[SourceTitle "EXT 2009"]
[Source "ChessBase"]
[SourceDate "2008.11.26"]
[SourceVersion "1"]
[SourceVersionDate "2008.11.26"]
[SourceQuality "1"]
[WhiteTeam "Kozma Auto"]
[BlackTeam "Lokomotiv"]
[WhiteTeamCountry "HUN"]
[BlackTeamCountry "HUN"]

1. d4 Nf6 2. Nf3 c5 3. c3 e6 4. Bf4 Nc6 5. e3 Qb6 6. Qc1 Be7 7. Bd3 d5 8. Nbd2 0-0 9. h4 cxd4 10. exd4 Ng4 11. Qc2 f5 12. h5 Bd7 13. Qb3 Qxb3 14. Nxb3 b6 15. Nh2 Nf6 16. h6 g6 17. Nf3 Ne4 18. Ne5 Nxe5 19. Bxe5 f4 20. Nd2 Bc6 21. Nxe4 dxe4 22. Bc4 Bd5 23. Bxd5 exd5 24. 0-0-0 Bg5 25. f3 e3 26. Kb1 Rf5 27. Bg7 Re8 28. Rhe1 Bh4 29. Re2 Bf2 30. c4 dxc4 31. d5 Rd8 32. d6 Kf7 33. Rd4 b5 34. a4 a6 35. axb5 axb5 36. Kc2 Ke6 37. Kc3 Rxd6 38. Rxd6+ Kxd6 39. Kb4 Kc6 40. Rc2 Rd5 41. b3 Rd2 42. Rc1 e2 0-1

[Event "Nyiregyhaza op"]
[Site "Nyiregyhaza"]
[Date "2003.07.10"]
[Round "6"]
[White "Dani, Peter"]
[Black "Visloczki, Jozsef"]
[Result "1/2-1/2"]
[WhiteElo "2205"]
[BlackElo "2097"]
[PlyCount "47"]
[EventDate "2003.07.05"]
[EventType "swiss"]
[EventRounds "9"]
[EventCountry "HUN"]
[SourceTitle "EXT 2005"]
[Source "ChessBase"]
[SourceDate "2004.11.15"]
[SourceVersion "1"]
[SourceVersionDate "2004.11.15"]
[SourceQuality "1"]

1. e4 c5 2. Nf3 d6 3. d4 cxd4 4. Nxd4 Nf6 5. Nc3 a6 6. Bg5 e6 7. f4 Be7 8. Qf3 Qc7 9. 0-0-0 Nbd7 10. g4 b5 11. Bxf6 gxf6 12. Bd3 Bb7 13. Rhe1 Nb6 14. Rd2 b4 15. Nd5 Nxd5 16. exd5 Bxd5 17. Be4 Bxe4 18. Qxe4 d5 19. Qf3 0-0-0 20. Qe2 Qb6 21. Kb1 Rd7 22. Red1 Bd8 23. Qf3 Bc7 24. Ne2 1/2-1/2

[Event "Nyiregyhaza op"]
[Site "Nyiregyhaza"]
[Date "2003.07.08"]
[Round "4"]
[White "Hibjan, Tamas"]
[Black "Visloczki, Jozsef"]
[Result "0-1"]
[WhiteElo "2133"]
[BlackElo "2097"]
[PlyCount "58"]
[EventDate "2003.07.05"]
[EventType "swiss"]
[EventRounds "9"]
[EventCountry "HUN"]
[SourceTitle "EXT 2005"]
[Source "ChessBase"]
[SourceDate "2004.11.15"]
[SourceVersion "1"]
[SourceVersionDate "2004.11.15"]
[SourceQuality "1"]

1. e4 c5 2. Nf3 d6 3. d4 cxd4 4. Nxd4 Nf6 5. Nc3 a6 6. Be2 e5 7. Nb3 Be7 8. Be3 Be6 9. 0-0 0-0 10. h3 Nc6 11. Qd2 d5 12. exd5 Nxd5 13. Nxd5 Bxd5 14. c4 Be4 15. c5 Qc7 16. Rfd1 Rfd8 17. Qc3 Bf6 18. Rac1 Ne7 19. Qa5 Qxa5 20. Nxa5 Nf5 21. b4 Rxd1+ 22. Rxd1 Rd8 23. Nc4 Rxd1+ 24. Bxd1 Kf8 25. Bf3 Bc6 26. Na5 Ne7 27. Nxb7 e4 28. Bxe4 Bxe4 29. Nd6 Bc6 0-1

[Event "Piremon Nyirsegi Torna op"]
[Site "Nyiregyhaza"]
[Date "2002.07.05"]
[Round "7"]
[White "Kadas, Gabor"]
[Black "Visloczki, Jozsef"]
[Result "1-0"]
[WhiteElo "2226"]
[BlackElo "2031"]
[PlyCount "67"]
[EventDate "2002.06.29"]
[EventType "swiss"]
[EventRounds "9"]
[EventCountry "HUN"]
[SourceTitle "EXT 2004"]
[Source "ChessBase"]
[SourceDate "2003.11.25"]
[SourceVersion "1"]
[SourceVersionDate "2003.11.25"]
[SourceQuality "1"]

1. e4 d5 2. exd5 Nf6 3. c4 c6 4. dxc6 Nxc6 5. Nf3 e5 6. d3 Bc5 7. Nc3 h6 8. Be2 Bf5 9. 0-0 0-0 10. Na4 Be7 11. a3 a5 12. Be3 Nd4 13. Nxd4 exd4 14. Bf4 Bd6 15. Bxd6 Qxd6 16. Bf3 Rab8 17. Rc1 Qa6 18. b3 Rfc8 19. Qd2 b5 20. Nb2 bxc4 21. bxc4 Rb3 22. Qf4 Bxd3 23. Nxd3 Rxd3 24. Rb1 Rd8 25. c5 Qc8 26. c6 Rc3 27. Qe5 Re8 28. Qxd4 Rxf3 29. gxf3 Qxc6 30. Rfe1 Rxe1+ 31. Rxe1 Qxf3 32. Re3 Qf5 33. Qe5 Qg6+ 34. Rg3 1-0

[Event "Piremon Nyirsegi Torna op"]
[Site "Nyiregyhaza"]
[Date "2002.06.30"]
[Round "2"]
[White "Kovacs, Arpad"]
[Black "Visloczki, Jozsef"]
[Result "1-0"]
[WhiteElo "2109"]
[BlackElo "2031"]
[PlyCount "81"]
[EventDate "2002.06.29"]
[EventType "swiss"]
[EventRounds "9"]
[EventCountry "HUN"]
[SourceTitle "EXT 2004"]
[Source "ChessBase"]
[SourceDate "2003.11.25"]
[SourceVersion "1"]
[SourceVersionDate "2003.11.25"]
[SourceQuality "1"]

1. e4 c5 2. Nf3 Nc6 3. d4 cxd4 4. Nxd4 Nf6 5. Nc3 d6 6. Be2 g6 7. Be3 Bg7 8. 0-0 0-0 9. f3 Bd7 10. Qd2 Re8 11. Nd5 Nxd5 12. exd5 Ne5 13. h3 Qc7 14. b3 f5 15. Rac1 a6 16. f4 Nf7 17. Bf3 Nd8 18. c4 Rc8 19. Rfe1 Qb8 20. g4 fxg4 21. Bxg4 Bxg4 22. hxg4 Rc7 23. f5 Qc8 24. Bf4 Qd7 25. Ne6 Nxe6 26. Rxe6 gxf5 27. gxf5 Kf7 28. Qh2 Rh8 29. Qh5+ Kf8 30. Bh6 Rg8 31. Kh1 Qe8 32. Qh4 Qf7 33. f6 Bxh6 34. Qxh6+ Ke8 35. Rce1 Rg6 36. Qh4 Kf8 37. fxe7+ Ke8 38. Rxg6 Qxg6 39. Re6 Qf7 40. Rf6 Qxe7 41. Re6 1-0

[Event "Piremon Nyirsegi Torna op"]
[Site "Nyiregyhaza"]
[Date "2002.06.29"]
[Round "1"]
[White "Visloczki, Jozsef"]
[Black "Monus, Zoltan"]
[Result "0-1"]
[WhiteElo "2031"]
[BlackElo "2152"]
[PlyCount "46"]
[EventDate "2002.06.29"]
[EventType "swiss"]
[EventRounds "9"]
[EventCountry "HUN"]
[SourceTitle "EXT 2004"]
[Source "ChessBase"]
[SourceDate "2003.11.25"]
[SourceVersion "1"]
[SourceVersionDate "2003.11.25"]
[SourceQuality "1"]

1. e4 c6 2. d4 d5 3. e5 c5 4. Bb5+ Nc6 5. c3 Qb6 6. Bxc6+ bxc6 7. dxc5 Qxc5 8. Be3 Qb5 9. Qc2 e6 10. Ne2 c5 11. 0-0 Nh6 12. Ng3 Bb7 13. f3 Be7 14. Na3 Qc6 15. Rae1 0-0 16. Bxh6 gxh6 17. Nh5 f5 18. exf6 Bxf6 19. Qf2 Kh8 20. Qe3 Rae8 21. Qxh6 e5 22. g4 e4 23. f4 Bd4+ 0-1

[Event "Nyiregyhaza op"]
[Site "Nyiregyhaza"]
[Date "1999.07.17"]
[Round "8"]
[White "Visloczki, Jozsef"]
[Black "Valko, Krisztian"]
[Result "0-1"]
[WhiteElo "2030"]
[BlackElo "2084"]
[PlyCount "76"]
[EventDate "1999.07.??"]
[EventType "swiss"]
[EventRounds "9"]
[EventCountry "HUN"]
[SourceTitle "EXT 2004"]
[Source "ChessBase"]
[SourceDate "2003.11.25"]
[SourceVersion "1"]
[SourceVersionDate "2003.11.25"]
[SourceQuality "1"]

1. e4 c5 2. Nf3 e6 3. d4 cxd4 4. c3 Qa5 5. Nxd4 a6 6. Bd3 Nc6 7. 0-0 Nf6 8. Nd2 d5 9. Nxc6 bxc6 10. Qe2 Be7 11. e5 Nd7 12. f4 Qc7 13. Nf3 Nc5 14. Bc2 a5 15. Rd1 Ba6 16. Qe1 g6 17. g4 h5 18. g5 Kf8 19. Kg2 Rb8 20. b3 Nd7 21. Bd2 Kg7 22. a3 c5 23. c4 dxc4 24. Bxa5 Qc8 25. b4 cxb4 26. axb4 Bb7 27. Ra3 Nb6 28. Kf2 Bxf3 29. Rxf3 Nd5 30. Rxd5 exd5 31. f5 Bxg5 32. Qg1 Kh6 33. Kf1 c3 34. Bb6 Qa6+ 35. Bd3 Qxb6 36. Qg3 Ra8 37. Kg2 Ra1 38. Bf1 c2 0-1

[Event "Nyiregyhaza op"]
[Site "Nyiregyhaza"]
[Date "1999.07.15"]
[Round "6"]
[White "Papp, Laszlo"]
[Black "Visloczki, Jozsef"]
[Result "1-0"]
[WhiteElo "2143"]
[BlackElo "2030"]
[PlyCount "47"]
[EventDate "1999.07.??"]
[EventType "swiss"]
[EventRounds "9"]
[EventCountry "HUN"]
[SourceTitle "EXT 2004"]
[Source "ChessBase"]
[SourceDate "2003.11.25"]
[SourceVersion "1"]
[SourceVersionDate "2003.11.25"]
[SourceQuality "1"]

1. e4 c5 2. Nf3 d6 3. d4 cxd4 4. Nxd4 Nf6 5. Nc3 g6 6. Be3 Bg7 7. f3 Nc6 8. g4 Qb6 9. Bb5 a6 10. Nf5 Qc7 11. Nxg7+ Kd8 12. Bxc6 Qxc6 13. Qd4 Rg8 14. g5 Nd7 15. 0-0-0 e5 16. Qxd6 Qxd6 17. Rxd6 Rxg7 18. Nd5 Ke8 19. Nc7+ Ke7 20. Rxd7+ Bxd7 21. Nxa8 Bc6 22. Nc7 Kd6 23. Nd5 Bxd5 24. Rd1 1-0

[Event "Nyiregyhaza op"]
[Site "Nyiregyhaza"]
[Date "1999.07.11"]
[Round "2"]
[White "Visloczki, Jozsef"]
[Black "Acs, Gabor"]
[Result "1/2-1/2"]
[WhiteElo "2030"]
[BlackElo "2198"]
[PlyCount "82"]
[EventDate "1999.07.??"]
[EventType "swiss"]
[EventRounds "9"]
[EventCountry "HUN"]
[SourceTitle "EXT 2004"]
[Source "ChessBase"]
[SourceDate "2003.11.25"]
[SourceVersion "1"]
[SourceVersionDate "2003.11.25"]
[SourceQuality "1"]

1. e4 e6 2. d4 d5 3. Nc3 dxe4 4. Nxe4 Bd7 5. Nf3 Bc6 6. Bd3 Nd7 7. Qe2 Ngf6 8. Nxf6+ Qxf6 9. Bg5 Bxf3 10. Qe3 Bxg2 11. Bxf6 Bxh1 12. Bh4 Bc6 13. Qg3 Rc8 14. f4 g6 15. f5 gxf5 16. Qg5 h6 17. Qe3 Be7 18. Bxe7 Kxe7 19. Bxf5 Rcg8 20. 0-0-0 Kd8 21. Bd3 b6 22. Qf4 f5 23. Ba6 Rg4 24. Qe3 Bd5 25. Bd3 f4 26. Qf2 Rf8 27. c4 Bb7 28. Qe2 Rg2 29. Qxe6 Rxh2 30. Bf5 Rxf5 31. Qxf5 f3 32. Qf4 Re2 33. Qh4+ Kc8 34. d5 Ne5 35. Qxh6 f2 36. Qf8+ Kd7 37. Qf5+ Ke7 38. Qe6+ Kd8 39. Qf5 Ke7 40. Qe6+ Kd8 41. Qf5 Ke7 1/2-1/2